Návrh trajektórií priemyselného robota vo vybranom pracovisku využitím prostredia RobotStudio

Salvato in:
Dettagli Bibliografici
Autore principale: Ďuričko, Daniel (Autore)
Altri autori: Dobiš, Michal (Relatore della tesi)
Natura: Manoscritto Libro
Lingua:slovacco
Pubblicazione: Bratislava : STU v Bratislave FEI, 2022
Soggetti:
Accesso online:https://opac.crzp.sk/?fn=detailBiblioFormChildE1CLM1&sid=378281AEB05FBF717437C8A6EBFA&seo=CRZP-detail-kniha
Tags: Aggiungi Tag
Nessun Tag, puoi essere il primo ad aggiungerne!!

MARC

LEADER 00000ntm a22000003a 4500
001 stuzp77043
003 SK-STU
005 20230314142224.3
007 ta
008 150427s2015----xo-----f-mn---000-0-slo-d
040 |a STU  |b slo 
041 0 |a slo 
044 |a xo 
100 1 |a Ďuričko, Daniel  |u 031000  |4 aut  |U FEI Fakulta elektrotechniky a informatiky  |T FEI Ústav robotiky a kybernetiky  |X 93149  |U E011  |Y 356  |7 93149 
242 0 1 |a Design of Industrial Robot Trajectory in Selected Workplace Using RobotStudio  |y eng 
245 1 0 |a Návrh trajektórií priemyselného robota vo vybranom pracovisku využitím prostredia RobotStudio 
260 |a Bratislava :  |b STU v Bratislave FEI,  |c 2022 
300 |a 48 s., príl. 
650 4 |a Priemyselný robot  |2 slo 
650 4 |a Automatizácia  |2 slo 
650 4 |a Optimalizácia trajektórie  |2 slo 
650 4 |a Industrial robot  |2 eng 
650 4 |a Automation  |2 eng 
650 4 |a Trajectory optimization  |2 eng 
700 1 |a Dobiš, Michal  |u 031000  |k Z3  |4 ths  |U FEI Fakulta elektrotechniky a informatiky  |T FEI Ústav robotiky a kybernetiky  |X 72487  |U E011  |Y 356  |7 72487 
856 4 |u https://opac.crzp.sk/?fn=detailBiblioFormChildE1CLM1&sid=378281AEB05FBF717437C8A6EBFA&seo=CRZP-detail-kniha